000 02308cam a22002174a 4500
005 20250605164038.0
008 250528s ||||||||||||||||||||||||d
035 _a16906
020 _a960405337
040 _aGR-AtMCL
_bgre
_dGR-AtMCL
_eAACR2
245 1 _aΟικιακές Συσκευές / Βλάβες - Επισκευές: 6η Έκδοση
250 _a
260 _bΊων,
_c1991
300 _a240
520 _aΠόσο Επικίνδυνο Είναι το Ηλεκτρικό Ρεύμα, Εισαγωγή στη Φωτοτεχνία, Λαμπτήρες Πυρακτώσεως, Λαμπτήρες Φθορισμού, Λαμπτήρες Ειδικής Χρήσεως, Μελέτη Φωτισμού Εσωτερικών Χώρων, Βασικές Αρχές Επισκευών Εγκαταστάσεων Φωτισμού και Συσκευών, Πλυντήρια Πιάτων, Αλεστική Μηχανή Απορριμάτων (Σκουπιδοφάγος), Στεγνωτήρια Ρούχων, Κουζίνες και Φούρνοι, Ψυγεία και Καταψύκτες, Πλυντήρια Ρούχων, Θερμοσίφωνες, Μύλοι (Blenders), Ανοιχτήρια Κονσερβών, Στεγνωτές Μαλλιών (Πιστολάκια), Αναμικτήρας (Mixers), Ηλεκτρικές Ξυριστικές Μηχανές, Ηλεκτρική Τοστιέρα, Ηλεκτρικές Σκούπες Κενού, Ψηστιέρες και Βραστήρες, Εισαγωγή στη Θέρμανση και στον Κλιματισμό, Λέβητες και Καυστήρες Καύσιμού Αερίου, Λέβητες και Καυστήρες Υγρού Καυσίμου, Κλιματισμός με Εξαναγκασμένη Διανομή Αέρα, Κεντρική Θέρμανση με Ατμό, Κεντρική Θέρμανση με Ζεστό Νερό, Συσκευές Κλιματισμού Ψυχρού Αέρα, Αντλίες Θερμότητας, Φωταέριο, Φυσικό Αέριο, Βουτάνιο (Υγροποιημένο Αέριο), Προπάνιο (Υγροποιημένο Αέριο).
700 1 _aΚεφαλάς Χ
_92998
700 1 _aΜαστρομήνας Ν
_92999
942 _cBK
999 _c2356
_d2356